01770cam a22003734i 4500003000900000005001700009008004100026020001500067035002700082040003300109082001900142100002900161245009500190264006800285300006200353336002100415337002500436338002300461504002800484505070900512526001001221526001001231526001001241526001001251526000801261526000801269526000801277526000801285526000801293526000801301526000801309650003501317650004401352PE-LiUPU20250731173150.0150623s r 000 0 d a156338275X a(Sirsi) i9781563382758 aPE-LiUPUbspacPE-LiUPUerda04a270.9bE462211 aEllingsen, Mark,eautor.10aReclaiming our roots :ban inclusive introduction to church history.n1 /cMark Ellingsen. 1aHarrisburg, Pennsylvania :bTrinity Press International,c1999. a320 páginas :bilustraciones, mapas ;c22 centímetros atext2rdacontent aunmediated2rdamedia avolume2rdacarrier aIncluye bibliografía.0 aThe beginnings of christianity: including the gentiles. A liberating, open "Jewish" movement?. Defending the faith: the first christian apologists. Struggles against heresy. Life in the early Church. The establishment of christianity and the development of monasticism. The nicene solution. More internal struggles in a less friendly environment. Augostine and the Augustinian synthesis. The great contemporaries of Augustine. Christological controversies, a divided christendom, and a new order. The middle ages: Tests of strength for church and state. Scholastic theology in the high middle ages. Dawn of the reformation. The beginnings of colonial christianity and its imparct on the church in Europe. aSEG42 aSEG41 aSEG40 aSEG39 aP94 aP87 aP86 aP85 aP77 aP76 aP3504aIglesiaxHistoriayEdad media.04aIglesiaxHistoriayPeríodo primitivo.